Opening Day Lineups: Colorado Rockies - Statistics

General Stats
  • This quiz has been taken 406 times
    69 since last reset
  • The average score is 26 of 62
Answer Stats
# Starts Answer % Correct
11 Charlie Blackmon
90%
7 Nolan Arenado
87%
4 Todd Helton
84%
6 Trevor Story
84%
9 Carlos Gonzalez
74%
4 Kris Bryant
74%
6 Troy Tulowitzki
74%
4 Kyle Freeland
71%
2 Ubaldo Jimenez
71%
2 Brenton Doyle
68%
3 Ezequiel Tovar
68%
3 German Marquez
68%
6 Ryan McMahon
68%
4 Elias Diaz
65%
1 Hunter Goodman
61%
1 Michael Toglia
58%
5 DJ LeMahieu
55%
2 Brendan Rodgers
52%
3 C.J. Cron
52%
3 Dexter Fowler
52%
2 Seth Smith
52%
4 Chris Ianetta
42%
2 Jorge De La Rosa
42%
1 Nolan Jones
42%
1 Corey Dickerson
39%
3 Michael Cuddyer
39%
1 Brad Hawpe
35%
2 David Dahl
35%
2 Elehuris Montero
35%
3 Gerardo Parra
35%
1 Ian Stewart
35%
1 Jhoulys Chacin
35%
1 Jordan Beck
35%
2 Mark Reynolds
35%
2 Raimel Tapia
35%
2 Ian Desmond
32%
2 Justin Morneau
32%
2 Nick Hundley
32%
1 Ramon Hernandez
32%
2 Daniel Murphy
29%
1 Garrett Hampson
29%
1 Harold Castro
29%
2 Jon Gray
29%
1 José Iglesias
29%
1 Kyle Farmer
29%
1 Sam Hilliard
29%
2 Wilin Rosario
29%
2 Tony Wolters
26%
2 Chris Nelson
23%
1 Jeremy Guthrie
23%
1 Randal Grichuk
23%
1 Connor Joe
19%
1 Josh Fuentes
19%
1 Josh Rutledge
19%
1 Nick Martini
19%
1 Yonathan Daza
19%
1 Chris Owings
16%
1 Clint Barnes
16%
1 Jose Lopez
16%
1 Kyle Kendrick
16%
1 Marco Scutaro
16%
1 Ty Wigginton
16%
No matching quizzes found
Score Distribution
Percent of People with Each Score
Percentile by Number Answered
Your Score History
You have not taken this quiz since the last reset